00510 2200193 4500001002100000005001500021035002000036245008100056100001800137250001100155300002500166700001400191260003600205082001000241084001600251020002200267650001700289600001000306INLIS00000000000119420240721080515 a0010-07240001871 aRoro Jonggrang :bSeribu Candi Untuk Sang Putri /cHengky Irawan & Sumartono0 aHengky Irawan aCet II a24 hlm ;c20 x 14 cm0 aSumartono aYogyakarta :bCabe Rawit,c2022 a398.2 a398.2 HEN r a978-623-90628-2-8 4aKoleksi Anak04aDicka